| 000 | 00647cam a2200241 4500 | ||
|---|---|---|---|
| 001 | M975 | ||
| 008 | 090401t1992 xxu||||| |||| 00| 0 eng d | ||
| 035 | _a(Sirsi) u6689 | ||
| 041 | _aeng | ||
| 050 | _a692.8 | ||
| 110 |
_aNational Joint Consultative Committee for Building _9994 |
||
| 245 | _aTendering for building works without Bills of Quantities. | ||
| 250 | _a3rd rev. ed. | ||
| 260 |
_aLondon _bNJCC _c1992 |
||
| 300 | _a2p. ; 30cm. | ||
| 350 | _a0 | ||
| 490 |
_aProcedure Note _v12 |
||
| 650 | _aBILLS OF QUANTITIES | ||
| 650 | _aTENDERING | ||
| 690 | _aBUILDING AND CONSTRUCTION-ECONOMICS | ||
| 942 | _n0 | ||
| 948 | _c04/03/1997 | ||
| 999 |
_c86337 _d86337 |
||